| Tag |
First Indicator |
Second Indicator |
Subfields |
| LEADER |
00000cam a2200000 a 4500 |
| 001 |
in00000097491 |
| 005 |
20150924085143.0 |
| 008 |
750522s1973 nyuac b 00010 engm |
| 010 |
|
|
|a 75303951
|
| 035 |
|
|
|a (OCoLC)03121074
|
| 035 |
|
|
|9 AAK9112AM
|
| 037 |
|
|
|c $12.00
|
| 040 |
|
|
|a DLC
|c DLC
|d TXA
|d UtOrBLW
|
| 049 |
|
|
|a TXAM
|c [1806196]
|
| 050 |
0 |
0 |
|a TD7
|b C35
|
| 082 |
0 |
|
|a 628/.08
|
| 100 |
1 |
|
|a Camp, Thomas R.
|
| 245 |
1 |
0 |
|a Civil engineering classics :
|b outstanding papers of Thomas R. Camp.
|
| 264 |
|
1 |
|a New York, N.Y. :
|b American Society of Civil Engineers,
|c 1973.
|
| 300 |
|
|
|a viii, 410 pages :
|b illustrations, portrait ;
|c 23 cm.
|
| 336 |
|
|
|a text
|b txt
|2 rdacontent
|
| 337 |
|
|
|a unmediated
|b n
|2 rdamedia
|
| 338 |
|
|
|a volume
|b nc
|2 rdacarrier
|
| 504 |
|
|
|a Includes bibliographical references.
|
| 650 |
|
0 |
|a Sanitary engineering.
|
| 999 |
|
|
|a MARS
|
| 999 |
f |
f |
|s e0aece3d-686b-38e3-9d2b-26de27bcfbd5
|i 6a597b07-0a7b-3a84-8874-20d4f9b6f8aa
|t 0
|
| 952 |
f |
f |
|p ric
|a Texas A&M University
|b Rellis Campus
|c Joint Library Facility
|d Remote Storage
|t 0
|e TD7 C35
|h Library of Congress classification
|i unmediated -- volume
|m A14827427636
|
| 998 |
f |
f |
|a TD7 C35
|t 0
|l Remote Storage
|